| 000 | 00665nam a2200181 a 4500 | ||
|---|---|---|---|
| 005 | 20250905063954.0 | ||
| 008 | 140127s2011 mx r 000 0 spa d | ||
| 020 | _a9786070303487 | ||
| 035 | _aUPN01000195227 | ||
| 049 | _aCG | ||
| 050 | 4 |
_aHC125 _bA5.2 |
|
| 245 | 0 | 0 |
_aAnálisis y prospectiva sobre la situación política, ecónomica, social y cultural de América Latina / _ccoord. Patricia Galeana. |
| 260 |
_aMéxico : _bSiglo XXI : _bSenado de la República, _c2011. |
||
| 300 |
_a159 p. : _bil., grafs. |
||
| 651 | 4 |
_aAmérica Latina _xCondiciones económicas _92747 |
|
| 651 | 4 |
_aAMERICA LATINA - _xCONDICIONES SOCIALES - _ySIGLO XXI _913024 |
|
| 905 | _aLibro | ||
| 999 |
_c167328 _d167328 |
||